[Event "Titled Tuesday intern op 03rd Jan Late"]
[Site "Chess.com INT"]
[Date "2025.06.03"]
[Round "11"]
[White "Dogan, Umut Anil"]
[Black "Shukhman, Anna"]
[Result "1-0"]
[WhiteElo "2123"]
[BlackElo "2413"]
[PlyCount "93"]
[EventDate "2025.06.03"]
[EventType "swiss (blitz)"]
[EventRounds "11"]
[EventCountry "USA"]
[SourceTitle "CB24_2025"]
[SourceDate "2025.06.11"]
[SourceVersion "1"]
[SourceVersionDate "2025.06.11"]
[SourceQuality "1"]

1. d4 d5 2. Nf3 Nf6 3. e3 g6 4. Be2 Bg7 5. 0-0 0-0 6. b3 b6 7. Bb2 Bb7 8. Nbd2 Ne4 9. c4 e6 10. Rc1 c5 11. cxd5 exd5 12. Qc2 Nc6 13. dxc5 bxc5 14. Bxg7 Kxg7 15. Nxe4 dxe4 16. Rfd1 Qf6 17. Nd2 Nb4 18. Qxc5 Nxa2 19. Rc4 Rac8 20. Qxa7 Nc3 21. Rxc3 Qxc3 22. Qxb7 Rcd8 23. Nf1 Rxd1 24. Bxd1 Rd8 25. Be2 Qe1 26. Bc4 Rf8 27. Qxe4 Qb4 28. Qd4+ f6 29. h4 Qe7 30. h5 Ra8 31. Qf4 g5 32. Qg4 Ra1 33. Kh2 Qe5+ 34. Ng3 Qd6 35. f4 Qd1 36. Nf5+ Kf8 37. Qxd1 Rxd1 38. fxg5 fxg5 39. Kg3 Re1 40. Kg4 h6 41. Nxh6 Kg7 42. Nf5+ Kf8 43. Kxg5 Rg1 44. g4 Rh1 45. h6 Ke8 46. Kg6 Kd7 47. h7 1-0

[Event "Titled Tuesday intern op 03rd Jan Late"]
[Site "Chess.com INT"]
[Date "2025.06.03"]
[Round "7"]
[White "Metin, Enis"]
[Black "Shukhman, Anna"]
[Result "0-1"]
[WhiteElo "2169"]
[BlackElo "2413"]
[PlyCount "49"]
[EventDate "2025.06.03"]
[EventType "swiss (blitz)"]
[EventRounds "11"]
[EventCountry "USA"]
[SourceTitle "CB24_2025"]
[SourceDate "2025.06.11"]
[SourceVersion "1"]
[SourceVersionDate "2025.06.11"]
[SourceQuality "1"]

1. e4 c5 2. Nf3 d6 3. d4 cxd4 4. Nxd4 Nf6 5. Nc3 g6 6. Be3 Nc6 7. f3 h5 8. Bc4 Bd7 9. Qd2 Bg7 10. 0-0-0 Ne5 11. Bb3 Rc8 12. Kb1 Nc4 13. Bxc4 Rxc4 14. h4 a6 15. Rhe1 0-0 16. Rh1 b5 17. g4 b4 18. Nd5 Nxd5 19. exd5 hxg4 20. h5 gxf3 21. b3 Rc3 22. Bh6 e5 23. dxe6 fxe6 24. Bxg7 Kxg7 25. hxg6 0-1

[Event "Titled Tuesday intern op 03rd Jan Late"]
[Site "Chess.com INT"]
[Date "2025.06.03"]
[Round "4"]
[White "Robert, Yoann"]
[Black "Shukhman, Anna"]
[Result "1-0"]
[WhiteElo "2198"]
[BlackElo "2413"]
[PlyCount "99"]
[EventDate "2025.06.03"]
[EventType "swiss (blitz)"]
[EventRounds "11"]
[EventCountry "USA"]
[SourceTitle "CB24_2025"]
[SourceDate "2025.06.11"]
[SourceVersion "1"]
[SourceVersionDate "2025.06.11"]
[SourceQuality "1"]

1. d4 d5 2. Nc3 Nf6 3. Bf4 a6 4. e3 b5 5. Nf3 e6 6. Ne5 c5 7. Qf3 Bb7 8. dxc5 Bxc5 9. 0-0-0 Nc6 10. Qh3 Rc8 11. Bd3 Nxe5 12. Bxe5 b4 13. Na4 Be7 14. b3 Qa5 15. Kb1 Bc6 16. Nb2 Bb5 17. f3 Bxd3 18. Rxd3 Qc5 19. Rc1 0-0 20. g4 Nd7 21. Bd4 Qc6 22. f4 f6 23. Na4 e5 24. Bb2 Nc5 25. Nxc5 Bxc5 26. fxe5 fxe5 27. Bxe5 Rce8 28. Bb2 Qb6 29. Qh5 Bxe3 30. Qxd5+ Kh8 31. Qd7 Qg6 32. Rcd1 Bg5 33. Qb7 h6 34. Qxb4 Rd8 35. Rxd8 Rxd8 36. Rxd8+ Bxd8 37. Qf8+ Kh7 38. Qxd8 Qxg4 39. a4 Qg1+ 40. Ka2 Qxh2 41. Qd3+ Kh8 42. Qxa6 Qc7 43. Qa8+ Kh7 44. a5 h5 45. a6 Qa5+ 46. Kb1 Qe1+ 47. Bc1 h4 48. a7 h3 49. Qb7 h2 50. a8Q 1-0

[Event "Titled Tuesday intern op 03rd Jan Late"]
[Site "Chess.com INT"]
[Date "2025.06.03"]
[Round "2"]
[White "Shukhman, Anna"]
[Black "Alvarado, Carlos"]
[Result "1-0"]
[WhiteElo "2413"]
[BlackElo "2032"]
[PlyCount "93"]
[EventDate "2025.06.03"]
[EventType "swiss (blitz)"]
[EventRounds "11"]
[EventCountry "USA"]
[SourceTitle "CB24_2025"]
[SourceDate "2025.06.11"]
[SourceVersion "1"]
[SourceVersionDate "2025.06.11"]
[SourceQuality "1"]

1. e4 c6 2. d4 d5 3. e5 Bf5 4. Nf3 e6 5. Be2 Nd7 6. 0-0 h6 7. c3 Ne7 8. a4 Bg4 9. Ne1 Bxe2 10. Qxe2 Nf5 11. a5 c5 12. a6 b6 13. Nf3 Be7 14. Na3 0-0 15. Nb5 c4 16. Rb1 Nb8 17. Ra1 Nc6 18. Nd2 Qd7 19. b3 Nxe5 20. Qxe5 Qxb5 21. bxc4 Qd7 22. cxd5 Qxd5 23. Qxd5 exd5 24. g4 Nd6 25. Re1 Bg5 26. h4 Bxh4 27. Re5 Nb5 28. Bb2 Rfd8 29. c4 Nc7 30. Rc1 Bg5 31. Rc2 Bxd2 32. Rxd2 dxc4 33. d5 Nxa6 34. d6 Nc5 35. Re7 b5 36. Ba3 Nd3 37. d7 a5 38. Bd6 b4 39. Bc7 Kf8 40. Rde2 Rxd7 41. Rxd7 Nc5 42. Bd6+ Kg8 43. Bxc5 c3 44. Bd4 a4 45. Rb7 a3 46. Rxb4 a2 47. Bxc3 1-0

[Event "Titled Tuesday intern op 03rd Jan Late"]
[Site "Chess.com INT"]
[Date "2025.06.03"]
[Round "10"]
[White "Shukhman, Anna"]
[Black "Panarin, Mikhail"]
[Result "0-1"]
[WhiteElo "2413"]
[BlackElo "2562"]
[PlyCount "96"]
[EventDate "2025.06.03"]
[EventType "swiss (blitz)"]
[EventRounds "11"]
[EventCountry "USA"]
[SourceTitle "CB24_2025"]
[SourceDate "2025.06.11"]
[SourceVersion "1"]
[SourceVersionDate "2025.06.11"]
[SourceQuality "1"]

1. e4 c6 2. d4 d5 3. e5 c5 4. Nf3 cxd4 5. Qxd4 Nc6 6. Qf4 f6 7. Nc3 g5 8. Qg3 Nh6 9. Bd3 Nb4 10. exf6 Nxd3+ 11. cxd3 exf6 12. Nxg5 fxg5 13. Bxg5 Qd7 14. 0-0 Kf7 15. Rfe1 Nf5 16. Qf3 Rg8 17. Qh5+ Rg6 18. Re5 Kg8 19. Nxd5 Qf7 20. Rae1 Bd7 21. h4 h6 22. Nf4 Rg7 23. Bxh6 Qxh5 24. Nxh5 Nxh6 25. Nxg7 Bxg7 26. Rg5 Nf7 27. Rg3 Kf8 28. Rc1 Bc6 29. b4 a6 30. d4 Rd8 31. h5 Bxd4 32. Rh3 Rd6 33. Re1 Rf6 34. Re2 Ng5 35. Rg3 Ne4 36. Rg4 Bxf2+ 37. Kh2 Nd6 38. Rg6 Rxg6 39. hxg6 Bd4 40. Rd2 Be5+ 41. Kh3 Kg7 42. g4 Kxg6 43. Re2 Ne4 44. a4 Ng5+ 45. Kh4 Bf6 46. Kg3 Bxa4 47. Rd2 Bc6 48. Rd6 Ne4+ 0-1

[Event "Titled Tuesday intern op 20th May Late"]
[Site "Chess.com INT"]
[Date "2025.05.20"]
[Round "7"]
[White "Schuster, Karsten"]
[Black "Shukhman, Anna"]
[Result "0-1"]
[WhiteElo "2266"]
[BlackElo "2413"]
[PlyCount "84"]
[EventDate "2025.05.20"]
[EventType "swiss (blitz)"]
[EventRounds "11"]
[EventCountry "USA"]
[SourceTitle "CB22_2025"]
[SourceDate "2025.05.28"]
[SourceVersion "1"]
[SourceVersionDate "2025.05.28"]
[SourceQuality "1"]

1. d4 d5 2. c4 e5 3. dxe5 Ne7 4. cxd5 Qxd5 5. Qxd5 Nxd5 6. a3 Nc6 7. Nf3 Be6 8. e4 Nb6 9. Nc3 0-0-0 10. Bg5 Re8 11. Bb5 h6 12. Bf4 g5 13. Bg3 Bg7 14. h3 Bc4 15. Bxc4 Nxc4 16. 0-0-0 N4xe5 17. Nxe5 Nxe5 18. f3 c6 19. Bxe5 Bxe5 20. Kc2 h5 21. Ne2 Kc7 22. Nd4 f6 23. Nf5 b5 24. Rd3 Rh7 25. Rhd1 Rg8 26. Ne3 a5 27. b3 Bf4 28. a4 Bxe3 29. Rxe3 bxa4 30. bxa4 g4 31. hxg4 hxg4 32. f4 g3 33. Rdd3 Rh2 34. Rd2 Rh4 35. Rf3 Rgg4 36. e5 Rxf4 37. Rxg3 fxe5 38. Rg7+ Kb6 39. g3 Rc4+ 40. Kd3 Rhd4+ 41. Ke2 Rxa4 42. Rxd4 Rxd4 0-1

[Event "Titled Tuesday intern op 20th May Late"]
[Site "Chess.com INT"]
[Date "2025.05.20"]
[Round "1"]
[White "Shukhman, Anna"]
[Black "Montano Vicente, Guadalupe"]
[Result "1-0"]
[WhiteElo "2413"]
[BlackElo "1940"]
[PlyCount "61"]
[EventDate "2025.05.20"]
[EventType "swiss (blitz)"]
[EventRounds "11"]
[EventCountry "USA"]
[SourceTitle "CB22_2025"]
[SourceDate "2025.05.28"]
[SourceVersion "1"]
[SourceVersionDate "2025.05.28"]
[SourceQuality "1"]

1. e4 c5 2. Nf3 d6 3. d4 cxd4 4. Nxd4 Nf6 5. Nc3 a6 6. Qd3 Nc6 7. Bg5 e6 8. 0-0-0 Be7 9. f4 Qc7 10. Be2 0-0 11. Bxf6 Bxf6 12. Nxc6 Qxc6 13. Qxd6 Bxc3 14. Qxc6 Bxb2+ 15. Kxb2 bxc6 16. Rd6 Rb8+ 17. Kc3 Bb7 18. Rb1 c5 19. Rdb6 Bxe4 20. Rxb8 g6 21. Rxf8+ Kxf8 22. Rb6 a5 23. Rb5 Bxg2 24. Rxa5 Bd5 25. a4 h6 26. Rxc5 g5 27. fxg5 hxg5 28. Rxd5 exd5 29. a5 f5 30. a6 f4 31. a7 1-0

[Event "Titled Tuesday intern op 20th May Late"]
[Site "Chess.com INT"]
[Date "2025.05.20"]
[Round "6"]
[White "Shukhman, Anna"]
[Black "Pereyra, Horacio"]
[Result "0-1"]
[WhiteElo "2413"]
[BlackElo "2133"]
[PlyCount "94"]
[EventDate "2025.05.20"]
[EventType "swiss (blitz)"]
[EventRounds "11"]
[EventCountry "USA"]
[SourceTitle "CB22_2025"]
[SourceDate "2025.05.28"]
[SourceVersion "1"]
[SourceVersionDate "2025.05.28"]
[SourceQuality "1"]

1. e4 c5 2. Nf3 Nc6 3. Nc3 e6 4. d4 cxd4 5. Nxd4 a6 6. Be3 Qc7 7. Nxc6 bxc6 8. Qd2 d5 9. Be2 Nf6 10. 0-0 Be7 11. Rad1 0-0 12. Bg5 Bb7 13. Bf3 Rad8 14. Qe3 Rfe8 15. e5 Nd7 16. Bxe7 Rxe7 17. Rfe1 c5 18. Qg5 Nf8 19. Ne2 Ng6 20. Nf4 h6 21. Qg3 Nxe5 22. Bh5 Kh8 23. Rxe5 g5 24. Nh3 f6 25. Ree1 e5 26. Qf3 Bc8 27. Bg6 e4 28. Qe3 Qe5 29. f4 gxf4 30. Nxf4 d4 31. Qg3 Qg5 32. Bxe4 Rg7 33. Qxg5 hxg5 34. Nd3 f5 35. Bf3 c4 36. Ne5 g4 37. Bc6 Rd6 38. Ba4 Be6 39. b3 c3 40. Nc6 f4 41. Nxd4 Bc8 42. Ne2 Rf6 43. Rd8+ Kh7 44. Rxc8 f3 45. gxf3 gxf3+ 46. Kh1 fxe2 47. Bc6 Rf1+ 0-1

[Event "Titled Tuesday intern op 25th Mar Early"]
[Site "Chess.com INT"]
[Date "2025.03.25"]
[Round "7"]
[White "Martic, Ivan"]
[Black "Shukhman, Anna"]
[Result "0-1"]
[WhiteElo "2253"]
[BlackElo "2365"]
[PlyCount "102"]
[EventDate "2025.03.25"]
[EventType "swiss (blitz)"]
[EventRounds "11"]
[EventCountry "USA"]
[SourceTitle "CB14_2025"]
[SourceDate "2024.11.01"]
[SourceVersion "1"]
[SourceVersionDate "2024.11.01"]
[SourceQuality "1"]

1. e4 c5 2. Nf3 d6 3. d4 cxd4 4. Nxd4 Nf6 5. Nc3 g6 6. Be3 Nc6 7. f3 h5 8. Bc4 Bg7 9. Qd2 Bd7 10. 0-0-0 Na5 11. Bb3 Rc8 12. Kb1 Nc4 13. Bxc4 Rxc4 14. Rhe1 0-0 15. Nb3 b5 16. Bh6 b4 17. Bxg7 Kxg7 18. Nd5 Nxd5 19. exd5 a5 20. Nd4 a4 21. h4 Rc5 22. Qg5 f6 23. Qe3 Rxd5 24. Qxe7+ Qxe7 25. Rxe7+ Rf7 26. Rxd7 Rxd7 27. Ne6+ Kf7 28. Rxd5 Kxe6 29. Rd4 Rb7 30. b3 a3 31. Kc1 d5 32. Kd2 Ke5 33. Kd3 g5 34. g3 gxh4 35. Rxh4 f5 36. Rxh5 Rc7 37. g4 Rc3+ 38. Kd2 Rxf3 39. Rxf5+ Rxf5 40. gxf5 Kxf5 41. c3 bxc3+ 42. Kxc3 Ke4 43. Kd2 Kd4 44. Kc2 Ke3 45. Kd1 Kd3 46. Kc1 Kc3 47. Kd1 Kd3 48. Kc1 Ke2 49. b4 d4 50. b5 d3 51. b6 d2+ 0-1

[Event "Titled Tuesday intern op 25th Mar Early"]
[Site "Chess.com INT"]
[Date "2025.03.25"]
[Round "4"]
[White "Shukhman, Anna"]
[Black "Paravyan, David"]
[Result "0-1"]
[WhiteElo "2365"]
[BlackElo "2619"]
[PlyCount "80"]
[EventDate "2025.03.25"]
[EventType "swiss (blitz)"]
[EventRounds "11"]
[EventCountry "USA"]
[SourceTitle "CB14_2025"]
[SourceDate "2024.11.01"]
[SourceVersion "1"]
[SourceVersionDate "2024.11.01"]
[SourceQuality "1"]

1. e4 c5 2. Nf3 e6 3. d4 cxd4 4. Nxd4 Nf6 5. Nc3 Nc6 6. a3 Be7 7. Be3 0-0 8. Be2 d6 9. Qd3 Nxd4 10. Qxd4 e5 11. Qd2 Be6 12. 0-0-0 Rc8 13. f3 a6 14. g4 b5 15. g5 Nd7 16. Nd5 Bxd5 17. exd5 Nb6 18. b3 Qc7 19. Kb2 Nxd5 20. Bf2 Bxg5 21. Qxg5 Qxc2+ 22. Ka1 Nc3 23. Qd2 Nxe2 24. Rhe1 Nf4 25. Bg3 Qxb3 26. Qb2 Qxf3 27. Rf1 Qc3 28. Bxf4 exf4 29. Rxd6 Rfe8 30. Qxc3 Rxc3 31. Rxa6 Rc2 32. Rb6 g6 33. Rxb5 Ree2 34. Rxf4 Rxh2 35. Rf1 h5 36. Rb8+ Kg7 37. Rb7 Rcf2 38. Rg1 Rhg2 39. Rh1 Rg3 40. Ra7 Rgf3 0-1

[Event "Wch U20 Girls 41st"]
[Site "Petrovac"]
[Date "2025.03.06"]
[Round "10"]
[White "Hrebenshchykova, Yelyzaveta"]
[Black "Shukhman, Anna"]
[Result "0-1"]
[WhiteElo "2259"]
[BlackElo "2365"]
[PlyCount "62"]
[EventDate "2025.02.25"]
[EventType "swiss"]
[EventRounds "11"]
[EventCountry "MNE"]
[SourceTitle "CB11_2025"]
[SourceDate "2025.03.12"]
[SourceVersion "1"]
[SourceVersionDate "2025.03.12"]
[SourceQuality "1"]

1. d4 Nf6 2. c4 g6 3. Nc3 d5 4. Nf3 Bg7 5. Qb3 dxc4 6. Qxc4 0-0 7. e4 Nc6 8. h3 e5 9. dxe5 Nd7 10. e6 Nde5 11. exf7+ Rxf7 12. Nxe5 Nxe5 13. Qd5 Qh4 14. Be3 Bg4 15. Qd2 Raf8 16. Bg5 Qh5 17. Be3 Rd7 18. Qc2 Qh4 19. Rg1 Be6 20. Rd1 Rdf7 21. Rd2 c6 22. Kd1 b5 23. f4 Rxf4 24. Bxf4 Qxf4 25. Be2 Bh6 26. Nb1 Bxa2 27. Rf1 Qxf1+ 28. Bxf1 Rxf1+ 29. Ke2 Bc4+ 30. Qxc4+ Nxc4 31. Rd8+ Rf8 0-1

[Event "Titled Tuesday intern op 11th Feb Early"]
[Site "Chess.com INT"]
[Date "2025.02.11"]
[Round "1"]
[White "Abdul Moula, Sabri"]
[Black "Shukhman, Anna"]
[Result "0-1"]
[WhiteElo "2164"]
[BlackElo "2365"]
[PlyCount "64"]
[EventDate "2025.02.11"]
[EventType "swiss (blitz)"]
[EventRounds "11"]
[EventCountry "USA"]
[SourceTitle "CB09_2025"]
[SourceDate "2025.02.27"]
[SourceVersion "1"]
[SourceVersionDate "2025.02.27"]
[SourceQuality "1"]

1. e4 c5 2. Nf3 d6 3. d4 cxd4 4. Nxd4 Nf6 5. Nc3 g6 6. Be3 Nc6 7. Qd2 Ng4 8. Nxc6 bxc6 9. Bd4 e5 10. Be3 Nxe3 11. Qxe3 Qb6 12. Qxb6 axb6 13. 0-0-0 Be6 14. a3 Be7 15. g4 Bxg4 16. Rd2 Bg5 17. Rg1 Bxd2+ 18. Kxd2 Be6 19. Ne2 d5 20. Bg2 0-0 21. f4 dxe4 22. fxe5 Bd5 23. Ke3 Rae8 24. Kf4 f6 25. exf6 Rxf6+ 26. Ke3 Rf3+ 27. Kd4 Rf2 28. Nc3 Rxc2 29. Nxd5 Rd2+ 30. Kc3 Rd3+ 31. Kc2 cxd5 32. Bh3 Rxh3 0-1

[Event "Titled Tuesday intern op 11th Feb Early"]
[Site "Chess.com INT"]
[Date "2025.02.11"]
[Round "10"]
[White "Ali, Sebbar"]
[Black "Shukhman, Anna"]
[Result "0-1"]
[WhiteElo "2400"]
[BlackElo "2365"]
[PlyCount "112"]
[EventDate "2025.02.11"]
[EventType "swiss (blitz)"]
[EventRounds "11"]
[EventCountry "USA"]
[SourceTitle "CB09_2025"]
[SourceDate "2025.02.27"]
[SourceVersion "1"]
[SourceVersionDate "2025.02.27"]
[SourceQuality "1"]

1. e4 c5 2. Nc3 Nc6 3. f4 g6 4. Nf3 Bg7 5. Bc4 e6 6. f5 Nge7 7. fxe6 fxe6 8. d3 d5 9. Bb3 0-0 10. exd5 exd5 11. 0-0 Bg4 12. Bg5 Qd7 13. Bxe7 Nxe7 14. h3 Bf5 15. Qe2 Rae8 16. Rae1 Kh8 17. Ne5 Qd6 18. Ba4 Rd8 19. g4 Be6 20. Nf3 Nc6 21. Bxc6 bxc6 22. Qxe6 Qg3+ 23. Kh1 Rxf3 24. g5 Rdf8 25. Rg1 Qh4 26. Re3 Rxe3 27. Qxe3 d4 28. Qg3 Qxg3 29. Rxg3 dxc3 30. bxc3 Bxc3 31. Rg4 Bd4 32. c3 Bxc3 33. Ra4 Rf7 34. Kg2 Kg7 35. Ra6 Rc7 36. Kh2 Bd4 37. Kg3 Kf7 38. Kf4 Ke6 39. Ke4 Kd6 40. Ra3 Re7+ 41. Kf4 Rf7+ 42. Kg4 Rf2 43. Rb3 Rxa2 44. h4 a5 45. Rb7 a4 46. Rxh7 a3 47. Ra7 Ra1 48. h5 gxh5+ 49. Kxh5 a2 50. Kg6 Kd5 51. Ra4 Ke5 52. Ra6 Kf4 53. Ra3 Ke3 54. Kf7 Rf1+ 55. Ke6 a1Q 56. Rxa1 Rxa1 0-1

[Event "Titled Tuesday intern op 11th Feb Early"]
[Site "Chess.com INT"]
[Date "2025.02.11"]
[Round "3"]
[White "Shukhman, Anna"]
[Black "Kaplan, Ebru"]
[Result "1-0"]
[WhiteElo "2365"]
[BlackElo "1905"]
[PlyCount "53"]
[EventDate "2025.02.11"]
[EventType "swiss (blitz)"]
[EventRounds "11"]
[EventCountry "USA"]
[SourceTitle "CB09_2025"]
[SourceDate "2025.02.27"]
[SourceVersion "1"]
[SourceVersionDate "2025.02.27"]
[SourceQuality "1"]

1. e4 c6 2. d4 d5 3. e5 Bf5 4. Nf3 e6 5. Be2 c5 6. Be3 Qb6 7. Nc3 Nc6 8. Na4 Qa5+ 9. c3 c4 10. b4 Qd8 11. 0-0 h6 12. Nc5 b6 13. Qa4 Nge7 14. Nb7 Qc7 15. Nd6+ Kd7 16. Nxf7 Rg8 17. Rad1 g5 18. Nd6 a5 19. b5 Nd8 20. Nd2 Nb7 21. Nxf5 Nxf5 22. Bxc4 dxc4 23. d5 exd5 24. Nxc4 Ne7 25. Nxb6+ Ke8 26. Nxa8 Bg7 27. Nxc7+ 1-0

[Event "Titled Tuesday intern op 11th Feb Early"]
[Site "Chess.com INT"]
[Date "2025.02.11"]
[Round "4"]
[White "Shukhman, Anna"]
[Black "Shandrygin, Nikita"]
[Result "0-1"]
[WhiteElo "2365"]
[BlackElo "2209"]
[PlyCount "138"]
[EventDate "2025.02.11"]
[EventType "swiss (blitz)"]
[EventRounds "11"]
[EventCountry "USA"]
[SourceTitle "CB08_2025"]
[SourceDate "2025.02.19"]
[SourceVersion "1"]
[SourceVersionDate "2025.02.19"]
[SourceQuality "1"]

1. e4 c5 2. Nf3 e6 3. d4 cxd4 4. Nxd4 Nf6 5. Nc3 Nc6 6. a3 Be7 7. Be3 0-0 8. Be2 d5 9. exd5 exd5 10. 0-0 Re8 11. Re1 Ne5 12. Bf4 Ng6 13. Bg3 Bc5 14. Nb3 Bb6 15. Bf3 Rxe1+ 16. Qxe1 Bf5 17. Qd2 Rc8 18. Rd1 h5 19. h3 h4 20. Bh2 Qd7 21. Nd4 Be4 22. Be2 Re8 23. Bb5 Qd8 24. Bxe8 Qxe8 25. Nxe4 Nxe4 26. Qe3 Qc8 27. c3 Qc4 28. f3 Nf6 29. Kh1 Bc5 30. Qd3 Qa4 31. b4 Bf8 32. Nf5 Qxa3 33. Bg1 a6 34. Bd4 Nh5 35. Qd2 Qb3 36. Re1 Qa4 37. Qg5 Nhf4 38. Nxh4 Nxh4 39. Qxf4 Ng6 40. Qf5 Qc6 41. h4 Nxh4 42. Qh3 Ng6 43. Kg1 b6 44. Kf2 a5 45. Rh1 f6 46. Qh7+ Kf7 47. Re1 axb4 48. cxb4 Bxb4 49. Re2 Bc5 50. Bxc5 Qxc5+ 51. Kf1 Qc1+ 52. Kf2 Qc5+ 53. Kg3 d4 54. Qh3 Qg5+ 55. Kf2 Nf4 56. Qd7+ Kg6 57. Qe8+ Kh7 58. Qe4+ Kh6 59. g3 Nxe2 60. Kxe2 Qe3+ 61. Qxe3+ dxe3 62. Kxe3 Kg5 63. Kd4 Kf5 64. Kc4 g5 65. Kb5 g4 66. f4 Ke4 67. Kxb6 Kf3 68. Kc5 Kxg3 69. Kd5 Kxf4 0-1